000 00369nam a2200157Ia 4500
003 Ost
005 20260225132541.0
008 260225s9999||||xx |||||||||||||| ||und||
040 _cfsic
041 _afre
082 _a70.4
100 _aPierre bourdieu
_eAuteur
245 0 _aEsquisse d'une Théorie de la pratique /
245 0 _cPierre bourdieu
942 _cكتاب
999 _c33525
_d33525